| 000 | 00360nam a2200145Ia 4500 | ||
|---|---|---|---|
| 008 | 150201s2000 xx 000 0 und d | ||
| 082 |
_a617.6 _bT2000B |
||
| 100 | _aBUMANN,AXEL | ||
| 245 | _aTMJ DISORDERS AND OROFACIAL PAIN | ||
| 250 | _a1ST | ||
| 260 |
_bTHIENE PUBLICATION _aNEW YORK _c2000 |
||
| 300 | _a1-360 | ||
| 650 | _aORAL MEDICINE | ||
| 942 |
_2ddc _cBK |
||
| 999 |
_c3453 _d3453 |
||